Floral Bugs Brzydka Sztuka - Statystyki

Ogólne statystyki
  • Ten quiz został rozwiązany 45 razy
  • Średni wynik to 10 z 14
Statystyki odpowiedzi
Odpowiedź % Poprawnych
Czemu Bugs
97%
Leatherface
88%
Co Jest Doktorku
81%
Zerwikaptur
81%
Mendelejew
78%
Fake Gangsta
75%
O2
75%
Turpizm
75%
Korozja
72%
AfroHorrorTrap
66%
Niech Mówią
66%
Ey yo
63%
5gram
56%
Horror International
56%
Nie znaleziono quizów pasujących do podanych kryteriów
Rozkład punktacji
Procent ludzi z każdym wynikiem
Percentyl według liczby udzielonych odpowiedzi
Twoja historia wyników
Nie rozwiązałeś tego quizu